=LDR 00000nam 2200000 4500 =001 INLIS000000000059250 =005 20211027012811 =035 ##$$a 0010-1021000698 =007 ta =008 211027###########################0#ind## =020 ##$$a 978-979-769-278-0 =082 ##$$a 340 =084 ##$$a 340 Fak m =245 1#$$a Memahami Hukum : $b Dari Konstruksi sampai Implementasi /$c Fakrulloh Zudan Arif, SH.,MH =250 ##$$a cet 3 =300 ##$$a 578 halaman : $b ilustrasi ; $c 24 cm =650 #4$$a Hukum =264 ##$$a Jakarta :$b Rajawali Press,$c 2012 =336 ##$$a teks$2 rdacontent =337 ##$$a lain-lain$2 rdamedia =338 ##$$a lain-lain$2 rdacarrier =990 ##$$a 25692569 =990 ##$$a 33953395